| 000 | 00543nam a22001817a 4500 | ||
|---|---|---|---|
| 005 | 20250206180437.0 | ||
| 008 | 250206b |||||||| |||| 00| 0 eng d | ||
| 020 | _a0838513409 | ||
| 050 |
_aRC348 _b.C59 |
||
| 100 | _adeGroot, Jack | ||
| 245 |
_aCorrelative Neuroanatomy/ _ba LANGE medical book _cJack deGroot, Joseph G. Chusid |
||
| 250 | _a20th ed. | ||
| 260 |
_aEast Norwalk, Connecticut _bAppleton & Lange _c1988 |
||
| 300 |
_a451p. _bill. _c26cm |
||
| 500 | _aincludes index | ||
| 700 | _aChusid, Joseph G. | ||
| 942 |
_2lcc _cBK _e20th ed. _n0 |
||
| 999 |
_c3515 _d3515 |
||